Communications : (Record no. 8115)
[ view plain ]
| 000 -LEADER | |
|---|---|
| fixed length control field | 01162nam a22001937a 4500 |
| 001 - CONTROL NUMBER | |
| control field | 8115 |
| 003 - CONTROL NUMBER IDENTIFIER | |
| control field | FISKH |
| 005 - DATE AND TIME OF LATEST TRANSACTION | |
| control field | 20250827093401.0 |
| 008 - FIXED-LENGTH DATA ELEMENTS--GENERAL INFORMATION | |
| fixed length control field | 250827b cb ||||| |||| 00| 0 eng d |
| 040 ## - CATALOGING SOURCE | |
| Original cataloging agency | FISKH |
| Language of cataloging | eng |
| Transcribing agency | FISKH |
| Modifying agency | FISKH |
| 082 ## - DEWEY DECIMAL CLASSIFICATION NUMBER | |
| Classification number | 384 |
| 100 ## - MAIN ENTRY--PERSONAL NAME | |
| Personal name | Uttley, Colin |
| 245 ## - TITLE STATEMENT | |
| Title | Communications : |
| Remainder of title | Disney's wonderful world of knowledge / |
| 260 ## - PUBLICATION, DISTRIBUTION, ETC. | |
| Place of publication, distribution, etc. | New York : |
| Name of publisher, distributor, etc. | Paperview Europe, |
| Date of publication, distribution, etc. | 2009. |
| 300 ## - PHYSICAL DESCRIPTION | |
| Extent | 57 pages : |
| Other physical details | color illustrations ; |
| Dimensions | 26 cm |
| 520 ## - SUMMARY, ETC. | |
| Summary, etc. | Communications from Disney’s Wonderful World of Knowledge series introduces readers to the many ways humans have shared information through history. It begins with early methods such as cave paintings, smoke signals, and the invention of writing. The book then explains the development of printing, postal systems, the telegraph, and the telephone. It highlights the rise of radio, television, and satellites, showing how technology transformed communication on a global scale. The final sections cover modern innovations like computers and space communications, emphasizing how people can now exchange information instantly across the world. |
| 942 ## - ADDED ENTRY ELEMENTS (KOHA) | |
| Source of classification or shelving scheme | Dewey Decimal Classification |
| Koha item type | Books |
| Suppress in OPAC | No |
| Withdrawn status | Lost status | Source of classification or shelving scheme | Damaged status | Not for loan | Collection | Home library | Current library | Shelving location | Date acquired | Total Checkouts | Full call number | Barcode | Date last seen | Copy number | Price effective from | Koha item type |
|---|---|---|---|---|---|---|---|---|---|---|---|---|---|---|---|---|
| Dewey Decimal Classification | Non-Fiction | Footprints International School Library Network Toul Kork Campus | Footprints International School Library Network Toul Kork Campus | Librarian's Shelf TK | 08/27/2025 | UTT 384 | 2025-4270 | 08/27/2025 | 1 | 08/27/2025 | Books |
